00998nam a2200277 i 4500001000700000003000900007005001700016007000300033008004100036080002200077080002100099100002700120245009800147250001300245260005600258300002900314490005400343500001400397504003300411546002400444650001400468830006200482852003500544999001900579952012200598176260ES-MaACL20250702193904.0t|101228s1947 fr ||||1| fre d a94(44)"1789/1815" a929 Napoleón I1 aVillat, Louis.911516313aLa Révolution et l'Empire (1789-1815). nII, pNapoléon (1799-1815) / cpar Louis Villat. a3e éd. aParis : bPresses Universitaires de France, c1947. aCVIII, 357 p. ; c19 cm.1 aClio, introduction aux études historiques ; v8 aÍndice. aBibliografía: p. IL-CVIII. aTexto en francés. 4a 92412000 aClio, introduction aux études historiques ; v89189992 aES-MaACLjE-13923 xOlim P-671 c176260d176260 00104070aATENEOMbATENEOMcDEPO2d2010-12-28eSCl0oE-13923p1185112r2023-02-23 00:00:00w2023-02-23yMONOGRAFIA